| 000 | 00599nam a22001937a 4500 | ||
|---|---|---|---|
| 005 | 20160812151351.0 | ||
| 010 | _aENG-115749 | ||
| 020 |
_a9789384002404 _c600.00 |
||
| 035 | _aEN-99281 | ||
| 037 | _bDBAD/PUB | ||
| 082 | _a863.1 | ||
| 100 | _aBhattacharya, Jyoti | ||
| 245 |
_aTranscreations : _cby Jyoti Bhattacharya _bsome experiments on Tagore Song / |
||
| 260 |
_aKolkata _b Gangchil _c2015 |
||
| 270 |
_aMatir Bari,Onkar Park,Ghola Bazar _bKolkata _e700111 |
||
| 300 |
_a308p. _c21cm(Hb) |
||
| 500 | _aIncludes bibliographical referenes | ||
| 942 |
_2ddc _cEN _h863.1 _mBHA |
||
| 999 |
_c102285 _d102285 |
||